| 000 | 00430cam a2200181 4500 | ||
|---|---|---|---|
| 001 | D12232 | ||
| 008 | 090401t1939 xxu||||| |||| 00| 0 eng d | ||
| 035 | _a(Sirsi) u2178 | ||
| 041 | _aeng | ||
| 100 | _aBrickdale, Sir Charles Fortescue | ||
| 245 | 4 | _aThe Land Registration Act, 1925 | |
| 250 | _a4th | ||
| 260 |
_aLondon _bStevens and Sons _c1939 |
||
| 350 | _a0 | ||
| 520 | _aShelf 113 | ||
| 942 | _n0 | ||
| 948 | _c04/03/1997 | ||
| 999 |
_c85735 _d85735 |
||